| 000 | 00570nam a2200217Ia 4500 | ||
|---|---|---|---|
| 003 | OSt | ||
| 005 | 20230328101042.0 | ||
| 008 | 210210b1998 xxu||||| |||| 00| 0 eng d | ||
| 040 | _cAL | ||
| 041 | _aeng | ||
| 082 | _a658/53 DESS | ||
| 100 |
_aDESAI (Vasant) _978636 |
||
| 245 | _aSmall scale industries and entrepreneurship | ||
| 260 |
_aMumbai _bHimalaya Publishing House _c1998 |
||
| 300 | _axxxviii,510 | ||
| 650 |
_aSmall Scale Industries _978637 |
||
| 650 |
_aEntrepreneurship _978638 |
||
| 690 |
_aManagement _978639 |
||
| 906 | _a054093 | ||
| 942 |
_2ddc _cBK |
||
| 999 |
_c127629 _d127629 |
||